Rehabilitar para vivir /
Se presentan aquí ejemplos de viviendas de diversas partes del mundo, restauradas bajo el principio de adaptarlas a las necesidades actuales, pero preservando el diálogo de la construcción con el pasado. Cada caso abre con una descripción de la obra, seguida de fotografías y planos de la misma.
Uloženo v:
| Hlavní autor: | |
|---|---|
| Další autoři: | |
| Médium: | Kniha |
| Jazyk: | španělština |
| Vydáno: |
Barcelona, España :
Instituto Monsa de Ediciones,
2005, c2005
|
| Edice: | (Architectural Design 5)
|
| Témata: | |
| Tagy: |
Žádné tagy, Buďte první, kdo vytvoří štítek k tomuto záznamu!
|
MARC
| LEADER | 00000nam^a2200000^a^4500 | ||
|---|---|---|---|
| 001 | 000186680 | ||
| 005 | 20250521000000.0 | ||
| 009 | 20260310102233.501 | ||
| 020 | |a 84-96096-83-1 | ||
| 037 | |a Acervo ITESO - Biblioteca | ||
| 041 | |a ESP | ||
| 082 | |a 724. 6 |b DES S. 5 V. 7 | ||
| 100 | |a Minguet, Felisa |e (ed.) | ||
| 245 | 1 | 0 | |a Rehabilitar para vivir / |c Ed. de F. Minguet ; dir. de J.M. Minguet. |
| 264 | 4 | |a Barcelona, España : |b Instituto Monsa de Ediciones, |c 2005, c2005 | |
| 300 | |a 239 p. | ||
| 336 | |a texto |b txt |2 rdacontenido | ||
| 337 | |a sin mediación |b n |2 rdamedio | ||
| 338 | |a volumen |b nc |2 rdasoporte | ||
| 440 | 1 | |a (Architectural Design 5) | |
| 520 | |a Se presentan aquí ejemplos de viviendas de diversas partes del mundo, restauradas bajo el principio de adaptarlas a las necesidades actuales, pero preservando el diálogo de la construcción con el pasado. Cada caso abre con una descripción de la obra, seguida de fotografías y planos de la misma. | ||
| 649 | |a XX | ||
| 650 | |a Vivienda | ||
| 650 | |a Restauración y Conservación Arquitectónica | ||
| 650 | |a Restauración y Conservación de Arte | ||
| 650 | |a Planos Arquitectónicos | ||
| 650 | |a Diseño Arquitectónico | ||
| 650 | |a Decoración y Ornamentación | ||
| 650 | |a Arquitectura - |x Historia y Crítica | ||
| 650 | |a Arte - |x Historia y Crítica | ||
| 700 | |a Minguet, Josep Maria |e (dirección) | ||
| 910 | |a Fondo General | ||
| 920 | |a Impresos - Libros | ||
| 930 | |a Reserva Especial | ||
| 905 | |a 103 | ||
| 901 | |a 0500128443 |b IT1 |c REE |u 20250521 | ||
| 902 | |a https://opac.biblio.iteso.mx/vufind/Record/000186680 | ||